[Event "106th British-ch 2019"]
[Site "Torquay"]
[Date "2019.08.01"]
[Round "6.13"]
[White "Zapolskis, Antanas"]
[Black "Ward, Chris G"]
[Result "0-1"]
[WhiteElo "2290"]
[BlackElo "2418"]
[Annotator "NA"]
[PlyCount "70"]
[EventDate "2019.07.27"]
[EventType "swiss"]
[EventCountry "GBR"]
[SourceTitle "playchess.com"]
[Source "ChessBase"]
[SourceQuality "1"]
[TimeControl "40/5400+30:1800+30"]

1. e4 {[%emt 0:00:20]} c5 {[%emt 0:00:00]} 2. Nf3 {[%emt 0:00:07]} g6 {[%emt 0:00:05]} 3. d4 {[%emt 0:03:58]} cxd4 {[%emt 0:00:41]} 4. Qxd4 {[%emt 0:00:20]} Nf6 {[%emt 0:00:19]} 5. Bb5 {[%emt 0:00:25]} a6 {[%emt 0:00:27]} 6. e5 {[%emt 0:02:07]} axb5 {[%emt 0:00:27]} 7. exf6 {[%emt 0:00:09]} Nc6 {[%emt 0:00:10]} 8. Qd1 {[%emt 0:00:41]} b4 {[%emt 0:02:21]} 9. O-O {[%emt 0:00:09]} e6 {[%emt 0:00:21]} 10. c4 {[%emt 0:09:37]} Qxf6 {[%emt 0:04:31]} 11. Nbd2 {[%emt 0:06:47]} d5 {[%emt 0:25:50]} 12. Qe2 {[%emt 0:21:14]} Be7 {[%emt 0:07:22]} 13. Nb3 {[%emt 0:16:51]} O-O {[%emt 0:16:32]} 14. Bg5 {[%emt 0:02:43]} Qg7 {[%emt 0:04:01]} 15. cxd5 {[%emt 0:07:51]} Bxg5 {[%emt 0:09:22]} 16. dxc6 {[%emt 0:06:32]} Bf6 {[%emt 0:00:03]} 17. c7 {[%emt 0:00:15]} Bd7 {[%emt 0:00:45]} 18. Nc5 {[%emt 0:02:47]} Bc6 {[%emt 0:01:12]} 19. Ne4 {[%emt 0:00:23]} Rfc8 {[%emt 0:02:13]} 20. Nxf6+ {[%emt 0:05:52]} Qxf6 {[%emt 0:00:04]} 21. Ne5 {[%emt 0:00:07]} Rxc7 {[%emt 0:00:25]} 22. Qe3 {[%emt 0:00:47]} h5 {[%emt 0:03:07]} 23. Rfe1 {[%emt 0:01:12]} Bd5 {[%emt 0:01:38]} 24. b3 {[%emt 0:01:50]} Rc2 {[%emt 0:03:53]} 25. h3 {[%emt 0:05:14]} Rac8 {[%emt 0:03:46]} 26. Rad1 {[%emt 0:03:26]} R8c3 {[%emt 0:03:02]} 27. Rd3 {[%emt 0:00:05]} Rxa2 {[%emt 0:02:06]} 28. Rxc3 {[%emt 0:01:10]} bxc3 {[%emt 0:00:12]} 29. b4 {[%emt 0:01:32]} c2 {[%emt 0:02:50]} 30. f3 {[%emt 0:00:00]} Rb2 {[%emt 0:00:36]} 31. Nd7 {[%emt 0:00:15]} Qd8 {[%emt 0:00:52]} 32. Qc3 {[%emt 0:00:29]} Rb1 {[%emt 0:00:41]} 33. Nc5 {[%emt 0:00:39]} Qf6 {[%emt 0:04:15]} 34. Qxf6 {[%emt 0:00:30]} Rxe1+ {[%emt 0:00:05]} 35. Kh2 {[%emt 0:00:01]} c1=Q {[%emt 0:00:11]} 0-1

[Event "106th British-ch 2019"]
[Site "Torquay"]
[Date "2019.08.01"]
[Round "6.14"]
[White "Rudd, Jack"]
[Black "Taylor, Adam C"]
[Result "1-0"]
[WhiteElo "2275"]
[BlackElo "2402"]
[Annotator "NA"]
[PlyCount "131"]
[EventDate "2019.07.27"]
[EventType "swiss"]
[EventCountry "GBR"]
[SourceTitle "playchess.com"]
[Source "ChessBase"]
[SourceQuality "1"]
[TimeControl "40/5400+30:1800+30"]

1. c4 {[%emt 0:00:00]} Nf6 {[%emt 0:01:30]} 2. Nc3 {[%emt 0:00:00]} e6 {[%emt 0:00:28]} 3. Nf3 {[%emt 0:00:00]} d5 {[%emt 0:00:11]} 4. cxd5 {[%emt 0:00:00]} Nxd5 {[%emt 0:00:31]} 5. e4 {[%emt 0:00:00]} Nxc3 {[%emt 0:00:08]} 6. bxc3 {[%emt 0:00:00]} c5 {[%emt 0:00:06]} 7. d4 {[%emt 0:00:01]} cxd4 {[%emt 0:00:04]} 8. cxd4 {[%emt 0:00:07]} Bb4+ {[%emt 0:00:03]} 9. Bd2 {[%emt 0:00:09]} Bxd2+ {[%emt 0:00:05]} 10. Qxd2 {[%emt 0:00:07]} O-O {[%emt 0:00:03]} 11. Bc4 {[%emt 0:00:08]} Nd7 {[%emt 0:00:04]} 12. O-O {[%emt 0:00:07]} b6 {[%emt 0:00:02]} 13. Rfe1 {[%emt 0:00:26]} Bb7 {[%emt 0:00:05]} 14. Rad1 {[%emt 0:00:06]} Rc8 {[%emt 0:00:16]} 15. Bb3 {[%emt 0:00:57]} h6 {[%emt 0:02:44]} 16. Qf4 {[%emt 0:04:01]} Qc7 {[%emt 0:01:18]} 17. Qxc7 {[%emt 0:01:49]} Rxc7 {[%emt 0:01:39]} 18. d5 {[%emt 0:01:01]} Nc5 {[%emt 0:13:37]} 19. Bc4 {[%emt 0:01:53]} Nxe4 {[%emt 0:10:21]} 20. Rxe4 {[%emt 0:00:21]} exd5 {[%emt 0:00:05]} 21. Bxd5 {[%emt 0:00:17]} Rd8 {[%emt 0:00:04]} 22. Bxf7+ {[%emt 0:00:55]} Kxf7 {[%emt 0:00:02]} 23. Rf4+ {[%emt 0:01:23]} Kg6 {[%emt 0:00:14]} 24. Re1 {[%emt 0:00:10]} Kh7 {[%emt 0:03:03]} 25. h4 {[%emt 0:00:28]} Rc2 {[%emt 0:06:33]} 26. Ne5 {[%emt 0:06:54]} Rxa2 {[%emt 0:08:43]} 27. Rf7 {[%emt 0:01:38]} Bd5 {[%emt 0:00:20]} 28. Re7 {[%emt 0:00:14]} Rf8 {[%emt 0:30:09]} 29. f3 {[%emt 0:00:14]} Rc8 {[%emt 0:01:02]} 30. Nd7 {[%emt 0:00:36]} Kg8 {[%emt 0:04:45]} 31. Rd1 {[%emt 0:00:46]} Bc6 {[%emt 0:09:33]} 32. Ne5 {[%emt 0:01:09]} Be8 {[%emt 0:00:01]} 33. Kh2 {[%emt 0:00:56]} Kf8 {[%emt 0:00:28]} 34. Rb7 {[%emt 0:00:10]} Re2 {[%emt 0:03:28]} 35. Nd7+ {[%emt 0:01:32]} Kg8 {[%emt 0:00:13]} 36. Rd4 {[%emt 0:00:49]} Kh8 {[%emt 0:01:51]} 37. Rg4 {[%emt 0:02:25]} Re7 {[%emt 0:02:38]} 38. Nxb6 {[%emt 0:00:11]} Rxb7 {[%emt 0:00:12]} 39. Nxc8 {[%emt 0:00:05]} Bd7 {[%emt 0:00:33]} 40. Rc4 {[%emt 0:00:16]} a5 {[%emt 0:00:30]} 41. Nd6 {[%emt 0:30:43]} Ra7 {[%emt 0:06:53]} 42. Nf7+ {[%emt 0:00:00]} Kh7 {[%emt 0:01:05]} 43. Ne5 {[%emt 0:00:00]} Bb5 {[%emt 0:03:43]} 44. Rc5 {[%emt 0:00:00]} Rb7 {[%emt 0:00:28]} 45. Rc8 {[%emt 0:00:00]} Re7 {[%emt 0:02:02]} 46. Rc5 {[%emt 0:00:00]} Rb7 {[%emt 0:00:06]} 47. Rc8 {[%emt 0:00:00]} a4 {[%emt 0:00:20]} 48. Ra8 {[%emt 0:00:00]} h5 {[%emt 0:00:49]} 49. Kg3 {[%emt 0:00:00]} Rb6 {[%emt 0:03:29]} 50. Ra5 {[%emt 0:00:00]} Rb8 {[%emt 0:00:46]} 51. Nf7 {[%emt 0:00:00]} Rb6 {[%emt 0:02:14]} 52. Ng5+ {[%emt 0:00:00]} Kg6 {[%emt 0:02:45]} 53. Ne4 {[%emt 0:00:00]} Be8 {[%emt 0:00:37]} 54. Nc3 {[%emt 0:00:00]} Rb4 {[%emt 0:00:32]} 55. Nd5 {[%emt 0:00:00]} Rd4 {[%emt 0:00:43]} 56. Nf4+ {[%emt 0:00:00]} Kh7 {[%emt 0:06:42]} 57. Ra8 {[%emt 0:00:00]} Bc6 {[%emt 0:01:04]} 58. Ra7 {[%emt 0:00:00]} Be8 {[%emt 0:04:51]} 59. Ne6 {[%emt 0:00:00]} Rd6 {[%emt 0:00:41]} 60. Rxg7+ {[%emt 0:00:00]} Kh8 {[%emt 0:00:01]} 61. Re7 {[%emt 0:00:00]} Bd7 {[%emt 0:00:07]} 62. Ng5 {[%emt 0:00:47]} Rd1 {[%emt 0:01:20]} 63. Ne4 {[%emt 0:00:00]} a3 {[%emt 0:00:10]} 64. Nf6 {[%emt 0:00:00]} Bf5 {[%emt 0:00:04]} 65. Ra7 {[%emt 0:00:00]} Rd3 {[%emt 0:00:26]} 66. Kf4 {[%emt 0:00:00]} 1-0

[Event "106th British-ch 2019"]
[Site "Torquay"]
[Date "2019.08.01"]
[Round "6.15"]
[White "Storey, Charles H"]
[Black "D'costa, Lorin Ar"]
[Result "1-0"]
[WhiteElo "2261"]
[BlackElo "2396"]
[Annotator "NA"]
[PlyCount "39"]
[EventDate "2019.07.27"]
[EventType "swiss"]
[EventCountry "GBR"]
[SourceTitle "playchess.com"]
[Source "ChessBase"]
[SourceQuality "1"]
[TimeControl "40/5400+30:1800+30"]

1. g3 {[%emt 0:02:53]} e5 {[%emt 0:02:12]} 2. c4 {[%emt 0:00:18]} Nc6 {[%emt 0:00:39]} 3. Bg2 {[%emt 0:00:16]} Bc5 {[%emt 0:01:56]} 4. Nc3 {[%emt 0:00:48]} d6 {[%emt 0:00:20]} 5. Na4 {[%emt 0:02:11]} Nge7 {[%emt 0:04:56]} 6. Nxc5 {[%emt 0:05:14]} dxc5 {[%emt 0:00:10]} 7. d3 {[%emt 0:05:46]} O-O {[%emt 0:01:45]} 8. b3 {[%emt 0:01:30]} Be6 {[%emt 0:05:55]} 9. Bb2 {[%emt 0:00:47]} Qd7 {[%emt 0:01:12]} 10. Nf3 {[%emt 0:00:22]} f6 {[%emt 0:00:31]} 11. h4 {[%emt 0:00:34]} a5 {[%emt 0:03:58]} 12. a4 {[%emt 0:01:43]} Rad8 {[%emt 0:04:53]} 13. Bc3 {[%emt 0:00:38]} Nb4 {[%emt 0:13:10]} 14. Nd2 {[%emt 0:05:02]} Nf5 {[%emt 0:05:58]} 15. Ne4 {[%emt 0:03:40]} b6 {[%emt 0:01:07]} 16. Rb1 {[%emt 0:03:09]} Nd4 {[%emt 0:02:27]} 17. Rb2 {[%emt 0:00:45]} h6 {[%emt 0:03:35]} 18. f3 {[%emt 0:10:00]} f5 {[%emt 0:15:47]} 19. Nf2 {[%emt 0:00:04]} Qf7 {[%emt 0:00:52]} 20. e3 {[%emt 0:08:12]} 1-0

[Event "106th British-ch 2019"]
[Site "Torquay"]
[Date "2019.08.01"]
[Round "6.16"]
[White "Derakhshani, Borna"]
[Black "Brewer, Callum D"]
[Result "1-0"]
[WhiteElo "2300"]
[BlackElo "2086"]
[Annotator "NA"]
[PlyCount "79"]
[EventDate "2019.07.27"]
[EventType "swiss"]
[EventCountry "GBR"]
[SourceTitle "playchess.com"]
[Source "ChessBase"]
[SourceQuality "1"]
[TimeControl "40/5400+30:1800+30"]

1. Nf3 {[%emt 0:01:46]} Nf6 {[%emt 0:00:06]} 2. d4 {[%emt 0:00:04]} d5 {[%emt 0:00:11]} 3. Bf4 {[%emt 0:00:05]} c5 {[%emt 0:00:11]} 4. c3 {[%emt 0:00:42]} Nc6 {[%emt 0:10:49]} 5. e3 {[%emt 0:00:48]} Qb6 {[%emt 0:00:10]} 6. Qb3 {[%emt 0:00:20]} c4 {[%emt 0:00:01]} 7. Qc2 {[%emt 0:00:07]} Bf5 {[%emt 0:00:02]} 8. Qc1 {[%emt 0:00:07]} Nh5 {[%emt 0:01:53]} 9. Bg5 {[%emt 0:01:25]} f6 {[%emt 0:02:16]} 10. Bh4 {[%emt 0:01:06]} e5 {[%emt 0:00:54]} 11. Be2 {[%emt 0:01:14]} Bg6 {[%emt 0:04:55]} 12. g4 {[%emt 0:01:39]} Bxb1 {[%emt 0:04:08]} 13. Rxb1 {[%emt 0:00:29]} e4 {[%emt 0:01:05]} 14. gxh5 {[%emt 0:00:31]} exf3 {[%emt 0:00:01]} 15. Bxf3 {[%emt 0:00:11]} Rd8 {[%emt 0:08:29]} 16. Qc2 {[%emt 0:00:59]} Ne7 {[%emt 0:02:25]} 17. Rg1 {[%emt 0:03:45]} g5 {[%emt 0:01:47]} 18. Bg3 {[%emt 0:00:32]} Qe6 {[%emt 0:03:04]} 19. Kd2 {[%emt 0:07:12]} Bg7 {[%emt 0:01:43]} 20. h4 {[%emt 0:01:01]} O-O {[%emt 0:03:27]} 21. Rbe1 {[%emt 0:01:43]} g4 {[%emt 0:04:51]} 22. h6 {[%emt 0:04:51]} Bxh6 {[%emt 0:02:28]} 23. Bxg4 {[%emt 0:01:24]} Qa6 {[%emt 0:01:22]} 24. Bc7 {[%emt 0:02:35]} Ra8 {[%emt 0:00:59]} 25. b4 {[%emt 0:13:08]} Kh8 {[%emt 0:04:48]} 26. a4 {[%emt 0:01:12]} b6 {[%emt 0:00:53]} 27. Bd6 {[%emt 0:00:50]} Qb7 {[%emt 0:00:02]} 28. Kd1 {[%emt 0:06:48]} Rad8 {[%emt 0:01:47]} 29. Bh2 {[%emt 0:00:29]} Nc6 {[%emt 0:04:12]} 30. b5 {[%emt 0:03:57]} Ne7 {[%emt 0:01:52]} 31. Be6 {[%emt 0:04:15]} a6 {[%emt 0:02:21]} 32. Qe2 {[%emt 0:07:06]} axb5 {[%emt 0:01:59]} 33. Qh5 {[%emt 0:00:22]} Bg7 {[%emt 0:00:10]} 34. Qg4 {[%emt 0:00:31]} Ng8 {[%emt 0:00:17]} 35. Bf4 {[%emt 0:02:11]} Qe7 {[%emt 0:06:33]} 36. axb5 {[%emt 0:01:15]} Nh6 {[%emt 0:05:09]} 37. Qxg7+ {[%emt 0:00:17]} Qxg7 {[%emt 0:00:11]} 38. Rxg7 {[%emt 0:00:05]} Kxg7 {[%emt 0:00:05]} 39. Rg1+ {[%emt 0:00:02]} Kh8 {[%emt 0:00:18]} 40. Bxh6 {[%emt 0:00:04]} 1-0

[Event "106th British-ch 2019"]
[Site "Torquay"]
[Date "2019.08.01"]
[Round "6.17"]
[White "Willow, Jonah B"]
[Black "Rocco, Federico"]
[Result "1-0"]
[WhiteElo "2343"]
[BlackElo "2157"]
[Annotator "NA"]
[PlyCount "77"]
[EventDate "2019.07.27"]
[EventType "swiss"]
[EventCountry "GBR"]
[SourceTitle "playchess.com"]
[Source "ChessBase"]
[SourceQuality "1"]
[TimeControl "40/5400+30:1800+30"]

1. e4 {[%emt 0:00:00]} c5 {[%emt 0:00:00]} 2. Nf3 {[%emt 0:00:05]} d6 {[%emt 0:00:00]} 3. d4 {[%emt 0:00:00]} cxd4 {[%emt 0:00:00]} 4. Nxd4 {[%emt 0:00:00]} Nf6 {[%emt 0:00:00]} 5. f3 {[%emt 0:00:00]} e5 {[%emt 0:00:52]} 6. Nb3 {[%emt 0:00:00]} d5 {[%emt 0:00:17]} 7. Bg5 {[%emt 0:04:55]} Be6 {[%emt 0:04:58]} 8. Bxf6 {[%emt 0:00:07]} gxf6 {[%emt 0:00:09]} 9. exd5 {[%emt 0:00:39]} Qxd5 {[%emt 0:00:13]} 10. Qxd5 {[%emt 0:00:00]} Bxd5 {[%emt 0:00:43]} 11. Nc3 {[%emt 0:00:00]} Bc6 {[%emt 0:05:25]} 12. O-O-O {[%emt 0:00:00]} a6 {[%emt 0:06:10]} 13. Na5 {[%emt 0:05:41]} Be7 {[%emt 0:00:00]} 14. Bc4 {[%emt 0:00:00]} Rg8 {[%emt 0:19:54]} 15. Nd5 {[%emt 0:11:21]} Bd8 16. Nxc6 {[%emt 0:05:25]} Nxc6 {[%emt 0:02:55]} 17. Ne3 {[%emt 0:01:41]} Rc8 18. Kb1 {[%emt 0:03:39]} Be7 19. Bd3 {[%emt 0:01:52]} h5 20. Bh7 {[%emt 0:07:24]} Rg7 {[%emt 0:03:38]} 21. Be4 {[%emt 0:01:02]} b5 {[%emt 0:04:29]} 22. g4 {[%emt 0:00:30]} hxg4 {[%emt 0:11:48]} 23. fxg4 {[%emt 0:00:28]} Nd4 {[%emt 0:05:22]} 24. h4 {[%emt 0:05:04]} Ne6 {[%emt 0:00:00]} 25. h5 {[%emt 0:03:30]} Rd8 {[%emt 0:00:00]} 26. h6 {[%emt 0:01:34]} Rxd1+ {[%emt 0:00:00]} 27. Rxd1 {[%emt 0:00:55]} Rg8 28. c3 {[%emt 0:19:12]} Rh8 {[%emt 0:00:28]} 29. Nf5 {[%emt 0:01:41]} Nd8 {[%emt 0:00:31]} 30. a4 {[%emt 0:06:44]} bxa4 {[%emt 0:01:59]} 31. Bc2 {[%emt 0:01:44]} Ne6 {[%emt 0:02:32]} 32. Bxa4+ {[%emt 0:00:11]} Kf8 {[%emt 0:00:04]} 33. b4 {[%emt 0:03:10]} Rg8 {[%emt 0:00:46]} 34. Rd7 {[%emt 0:01:31]} Bd8 {[%emt 0:04:04]} 35. Ng7 {[%emt 0:01:54]} Be7 {[%emt 0:02:39]} 36. Ra7 {[%emt 0:01:15]} Nd8 {[%emt 0:00:21]} 37. Nf5 {[%emt 0:00:53]} Bxb4 {[%emt 0:01:07]} 38. cxb4 {[%emt 0:00:15]} Rxg4 {[%emt 0:00:05]} 39. h7 {[%emt 0:00:17]} 1-0

[Event "106th British-ch 2019"]
[Site "Torquay"]
[Date "2019.08.01"]
[Round "6.18"]
[White "Moore, Graham J"]
[Black "Hand, Freddie"]
[Result "1-0"]
[WhiteElo "2264"]
[BlackElo "2142"]
[Annotator "NA"]
[PlyCount "131"]
[EventDate "2019.07.27"]
[EventType "swiss"]
[EventCountry "GBR"]
[SourceTitle "playchess.com"]
[Source "ChessBase"]
[SourceQuality "1"]
[TimeControl "40/5400+30:1800+30"]

1. Nf3 {[%emt 0:00:01]} d5 {[%emt 0:00:00]} 2. c4 {[%emt 0:00:07]} c6 {[%emt 0:00:00]} 3. g3 {[%emt 0:00:05]} Nf6 {[%emt 0:00:00]} 4. Bg2 {[%emt 0:00:05]} dxc4 {[%emt 0:00:00]} 5. O-O {[%emt 0:00:07]} Nbd7 {[%emt 0:00:23]} 6. Qc2 {[%emt 0:00:05]} Nb6 {[%emt 0:00:08]} 7. Na3 {[%emt 0:00:09]} Be6 {[%emt 0:00:25]} 8. Ne5 {[%emt 0:00:14]} Qd4 {[%emt 0:01:25]} 9. Nxc6 {[%emt 0:02:55]} bxc6 {[%emt 0:00:04]} 10. Bxc6+ {[%emt 0:00:04]} Kd8 {[%emt 0:01:56]} 11. Bxa8 {[%emt 0:00:06]} Nxa8 {[%emt 0:00:17]} 12. Nb5 {[%emt 0:00:17]} Qd7 {[%emt 0:37:40]} 13. a4 {[%emt 0:02:54]} Nb6 {[%emt 0:28:56]} 14. d3 {[%emt 0:10:12]} cxd3 {[%emt 0:03:24]} 15. Qxd3 {[%emt 0:00:13]} Qxd3 {[%emt 0:02:04]} 16. exd3 {[%emt 0:00:27]} a6 {[%emt 0:01:19]} 17. Be3 {[%emt 0:08:13]} Nbd5 {[%emt 0:01:22]} 18. Nd4 {[%emt 0:05:18]} Bd7 {[%emt 0:05:26]} 19. Rfc1 {[%emt 0:00:06]} e5 {[%emt 0:03:33]} 20. Nc6+ {[%emt 0:05:48]} Bxc6 {[%emt 0:00:04]} 21. Rxc6 {[%emt 0:00:04]} Kd7 {[%emt 0:03:18]} 22. Rac1 {[%emt 0:03:41]} a5 {[%emt 0:02:12]} 23. Rc8 {[%emt 0:00:28]} Rg8 {[%emt 0:00:06]} 24. Ra8 {[%emt 0:08:33]} Bb4 {[%emt 0:02:38]} 25. Ra7+ {[%emt 0:00:38]} Ke6 {[%emt 0:01:16]} 26. Rc6+ {[%emt 0:01:25]} Kf5 {[%emt 0:00:06]} 27. Rxf7 {[%emt 0:00:16]} Ne7 {[%emt 0:00:31]} 28. g4+ {[%emt 0:03:01]} Kxg4 {[%emt 0:02:24]} 29. Re6 {[%emt 0:00:06]} Ng6 {[%emt 0:01:06]} 30. Rc6 {[%emt 0:01:02]} e4 {[%emt 0:01:47]} 31. d4 {[%emt 0:02:11]} Ne7 {[%emt 0:00:28]} 32. Re6 {[%emt 0:01:49]} Ned5 {[%emt 0:00:14]} 33. Kg2 {[%emt 0:00:49]} Kf5 {[%emt 0:01:22]} 34. Re5+ {[%emt 0:00:34]} Kg6 {[%emt 0:00:03]} 35. Rb7 {[%emt 0:00:42]} Nxe3+ {[%emt 0:00:25]} 36. fxe3 {[%emt 0:00:06]} Rc8 {[%emt 0:00:27]} 37. Rb6 {[%emt 0:01:03]} Kf7 {[%emt 0:00:44]} 38. d5 {[%emt 0:02:12]} Rc2+ {[%emt 0:00:14]} 39. Kf1 {[%emt 0:00:30]} Ng4 {[%emt 0:00:40]} 40. Rf5+ {[%emt 0:01:19]} Nf6 {[%emt 0:01:00]} 41. h4 {[%emt 0:33:27]} Rc1+ {[%emt 0:20:52]} 42. Ke2 {[%emt 0:00:00]} Rc2+ {[%emt 0:00:53]} 43. Kd1 {[%emt 0:00:00]} Rd2+ {[%emt 0:04:05]} 44. Kc1 {[%emt 0:00:00]} Rd3 {[%emt 0:00:05]} 45. h5 {[%emt 0:00:00]} Bd2+ {[%emt 0:00:47]} 46. Kc2 {[%emt 0:00:00]} Bxe3 {[%emt 0:00:03]} 47. Rb7+ {[%emt 0:00:00]} Kf8 {[%emt 0:00:22]} 48. d6 {[%emt 0:00:00]} Rd2+ {[%emt 0:01:11]} 49. Kb1 {[%emt 0:00:00]} Rxd6 {[%emt 0:00:30]} 50. Rxa5 {[%emt 0:00:00]} Re6 {[%emt 0:04:09]} 51. Ra8+ {[%emt 0:00:00]} Ne8 {[%emt 0:00:04]} 52. Kc2 {[%emt 0:00:00]} Bg5 {[%emt 0:02:08]} 53. Kd1 {[%emt 0:00:00]} e3 {[%emt 0:00:19]} 54. Ke2 {[%emt 0:00:00]} Rc6 {[%emt 0:01:03]} 55. Rbb8 {[%emt 0:00:00]} Re6 {[%emt 0:00:37]} 56. a5 {[%emt 0:00:00]} Bf4 {[%emt 0:00:30]} 57. Rc8 {[%emt 0:00:00]} Kf7 {[%emt 0:00:22]} 58. a6 {[%emt 0:00:00]} Nc7 {[%emt 0:00:06]} 59. Ra7 {[%emt 0:00:00]} Kf6 {[%emt 0:00:12]} 60. Rf8+ {[%emt 0:00:00]} Kg5 {[%emt 0:00:31]} 61. Rxc7 {[%emt 0:00:00]} Bxc7 {[%emt 0:00:37]} 62. a7 {[%emt 0:00:00]} Ra6 {[%emt 0:00:22]} 63. a8=Q {[%emt 0:00:00]} Rxa8 {[%emt 0:00:03]} 64. Rxa8 {[%emt 0:00:00]} Kxh5 {[%emt 0:00:04]} 65. Ra7 {[%emt 0:00:00]} Bb6 {[%emt 0:01:28]} 66. Rxg7 {[%emt 0:00:00]} 1-0

[Event "106th British-ch 2019"]
[Site "Torquay"]
[Date "2019.08.01"]
[Round "6.19"]
[White "Merriman, John"]
[Black "Modi, Shyam Jagdish"]
[Result "1/2-1/2"]
[WhiteElo "2226"]
[BlackElo "2098"]
[Annotator "NA"]
[PlyCount "49"]
[EventDate "2019.07.27"]
[EventType "swiss"]
[EventCountry "GBR"]
[SourceTitle "playchess.com"]
[Source "ChessBase"]
[SourceQuality "1"]
[TimeControl "40/5400+30:1800+30"]

1. d4 {[%emt 0:42:53]} Nf6 {[%emt 0:00:16]} 2. c4 {[%emt 0:00:04]} g6 {[%emt 0:00:15]} 3. Nc3 {[%emt 0:00:05]} Bg7 {[%emt 0:00:21]} 4. e4 {[%emt 0:00:06]} d6 {[%emt 0:00:16]} 5. f3 O-O {[%emt 0:00:49]} 6. Bg5 c5 {[%emt 0:00:46]} 7. d5 e6 {[%emt 0:00:38]} 8. Qd2 Qa5 {[%emt 0:02:28]} 9. a4 Na6 {[%emt 0:10:28]} 10. Nge2 exd5 {[%emt 0:06:44]} 11. cxd5 Nb4 {[%emt 0:06:18]} 12. Nc1 h6 {[%emt 0:09:45]} 13. Bf4 Qd8 {[%emt 0:07:48]} 14. Be2 Nh5 {[%emt 0:10:01]} 15. Be3 f5 {[%emt 0:05:41]} 16. O-O f4 {[%emt 0:07:00]} 17. Bf2 Be5 {[%emt 0:16:13]} 18. a5 g5 {[%emt 0:12:11]} 19. N3a2 Nxa2 {[%emt 0:19:31]} 20. Rxa2 g4 {[%emt 0:07:34]} 21. fxg4 {[%emt 0:04:20]} Nf6 {[%emt 0:00:06]} 22. Bh4 {[%emt 0:08:23]} Nxe4 {[%emt 0:03:41]} 23. Qe1 {[%emt 0:00:17]} Bd4+ {[%emt 0:12:21]} 24. Kh1 {[%emt 0:00:35]} Qe8 {[%emt 0:02:16]} 25. Qd1 {[%emt 0:30:10]} 1/2-1/2

[Event "106th British-ch 2019"]
[Site "Torquay"]
[Date "2019.08.01"]
[Round "6.20"]
[White "Yoon, Jacob D"]
[Black "Stoyanov, Viktor"]
[Result "0-1"]
[WhiteElo "1963"]
[BlackElo "2198"]
[Annotator "NA"]
[PlyCount "86"]
[EventDate "2019.07.27"]
[EventType "swiss"]
[EventCountry "GBR"]
[SourceTitle "playchess.com"]
[Source "ChessBase"]
[SourceQuality "1"]
[TimeControl "40/5400+30:1800+30"]

1. e4 {[%emt 0:00:00]} c6 {[%emt 0:00:00]} 2. d4 {[%emt 0:00:00]} d5 {[%emt 0:00:00]} 3. Nc3 {[%emt 0:00:00]} dxe4 {[%emt 0:00:00]} 4. Nxe4 {[%emt 0:00:00]} Nf6 {[%emt 0:00:05]} 5. Nxf6+ {[%emt 0:00:35]} exf6 {[%emt 0:00:06]} 6. c3 {[%emt 0:00:10]} Bd6 {[%emt 0:00:05]} 7. Bd3 {[%emt 0:00:13]} O-O {[%emt 0:00:06]} 8. Ne2 {[%emt 0:00:07]} Re8 {[%emt 0:00:07]} 9. O-O {[%emt 0:00:09]} Nd7 {[%emt 0:00:04]} 10. Bf4 {[%emt 0:00:08]} Nf8 {[%emt 0:00:04]} 11. Bg3 {[%emt 0:06:31]} Ng6 {[%emt 0:07:42]} 12. Qd2 {[%emt 0:01:28]} f5 {[%emt 0:08:33]} 13. Nf4 {[%emt 0:00:33]} Qg5 {[%emt 0:00:17]} 14. Rae1 {[%emt 0:03:43]} Be6 {[%emt 0:00:57]} 15. Re5 {[%emt 0:00:19]} Nxe5 {[%emt 0:00:56]} 16. dxe5 {[%emt 0:00:17]} Bxe5 {[%emt 0:00:16]} 17. Qc1 {[%emt 0:00:04]} Bxa2 {[%emt 0:01:55]} 18. c4 {[%emt 0:01:42]} Rad8 {[%emt 0:00:50]} 19. Rd1 {[%emt 0:00:21]} Bb3 {[%emt 0:00:10]} 20. Re1 {[%emt 0:00:06]} Bxf4 {[%emt 0:02:07]} 21. Rxe8+ {[%emt 0:00:04]} Rxe8 {[%emt 0:00:06]} 22. Bxf4 {[%emt 0:00:03]} Qd8 {[%emt 0:00:09]} 23. Qc3 {[%emt 0:00:24]} Qxd3 {[%emt 0:01:55]} 24. Qxd3 {[%emt 0:00:21]} Re1+ {[%emt 0:00:01]} 25. Qf1 {[%emt 0:00:00]} Rxf1+ {[%emt 0:00:09]} 26. Kxf1 {[%emt 0:00:07]} Bxc4+ {[%emt 0:00:02]} 27. Ke1 {[%emt 0:00:35]} Kf8 {[%emt 0:00:31]} 28. Kd2 {[%emt 0:00:04]} Ke7 {[%emt 0:00:04]} 29. Kc3 {[%emt 0:00:04]} Bd5 {[%emt 0:00:03]} 30. g3 {[%emt 0:00:04]} c5 {[%emt 0:00:33]} 31. Be3 {[%emt 0:02:03]} Kd6 {[%emt 0:00:07]} 32. Bf4+ {[%emt 0:00:03]} Kc6 {[%emt 0:00:05]} 33. Bb8 {[%emt 0:00:38]} a5 {[%emt 0:00:06]} 34. Bf4 {[%emt 0:00:06]} b5 {[%emt 0:00:09]} 35. Be5 {[%emt 0:00:05]} f6 {[%emt 0:00:04]} 36. Bf4 {[%emt 0:00:05]} Be4 {[%emt 0:00:21]} 37. Bb8 {[%emt 0:00:53]} a4 {[%emt 0:00:23]} 38. Ba7 {[%emt 0:00:31]} Kd5 {[%emt 0:00:16]} 39. Bb6 {[%emt 0:00:03]} b4+ {[%emt 0:00:06]} 40. Kd2 {[%emt 0:00:05]} Kc4 {[%emt 0:00:05]} 41. Bd8 {[%emt 0:30:19]} Kb3 {[%emt 0:30:10]} 42. Kc1 {[%emt 0:00:05]} a3 {[%emt 0:00:07]} 43. bxa3 {[%emt 0:00:04]} bxa3 {[%emt 0:00:23]} 0-1